| 000 | 00473nam a22001817a 4500 | ||
|---|---|---|---|
| 003 | OSt | ||
| 005 | 20140310182827.0 | ||
| 008 | 130529t xxu||||| |||| 00| 0 eng d | ||
| 020 | _a0890818886 | ||
| 050 |
_aHQ 784 _b.An545 1991 |
||
| 082 |
_aM 235.4 _bAn2 1991 |
||
| 245 |
_aThe seduction of our children _cAnderson, Neil T. |
||
| 260 |
_aOregon _bHarvest House Publishers _c1991 |
||
| 300 |
_a245 p. _c20 cm |
||
| 541 | _j1 | ||
| 562 | _e1 | ||
| 942 |
_2lcc _cBK _kM |
||
| 999 |
_c16526 _d16526 |
||